| 000 | 00942nam a2200289 a 4500 | ||
|---|---|---|---|
| 001 | 57358 | ||
| 003 | BD-RjUL | ||
| 005 | 20211209080511.0 | ||
| 008 | 161208m19741973enka b 101 0 eng | ||
| 020 | _a0582460107 (v. 2) | ||
| 020 | _a0582460263(v.4) | ||
| 035 | _a(BD-RjUL) | ||
| 040 |
_aDLC _cDLC _dBD-RjUL _beng |
||
| 041 | _aeng | ||
| 082 | 0 | 0 |
_a572.028 _223 _bMET 1974 |
| 245 | 0 | 0 |
_aMethodological developments in biochemistry / _cedited by Eric Reid. |
| 260 |
_a[London] : _bLongman, _c1973-1974 |
||
| 300 |
_av. : _billus. ; _c21 cm. |
||
| 350 | _a$9.50 (U.S.) (v. 2) | ||
| 504 | _aIncludes bibliographical references. | ||
| 505 | 1 | _a V. 2. Preparative techniques.--v. 3. Advances with zonal rotors.--v. 4. Subcellular studies.-- | |
| 650 | 0 |
_aBiochemistry _xTechnique. _9170359 |
|
| 700 | 1 |
_aReid, Eric, _d1922- _eed. _9170360 |
|
| 730 |
_aSeparations with zonal rotors. _9170361 |
||
| 942 |
_2ddc _cBK |
||
| 999 |
_c57358 _d57358 |
||